[Event "Moscow Open 2007"]
[Site "Moscow"]
[Date "2007.01.31"]
[Round "5"]
[White "Kineva, Ekaterina"]
[Black "Reutsky, Sergei"]
[Result "0-1"]
[WhiteElo "2190"]
[BlackElo "2353"]
[PlyCount "120"]
[EventDate "2007.??.??"]

1. e4 e6 2. d4 d5 3. Nd2 c5 4. exd5 Qxd5 5. dxc5 Bxc5 6. Ngf3 Nf6 7. Bd3 Nc6 8.
O-O O-O 9. a3 h6 10. Qe2 Bd7 11. Nc4 Nd4 12. Nxd4 Bxd4 13. Ne3 Qe5 14. Nc4 Qxe2
15. Bxe2 Bb5 16. a4 Ba6 17. Rd1 Rfd8 18. Kf1 Rac8 19. Ne3 Bxe2+ 20. Kxe2 Ne4
21. f3 Nc5 22. Ra3 Bf6 23. Rxd8+ Rxd8 24. Ng4 Be7 25. Be3 f5 26. Nf2 e5 27. Nd3
Nd7 28. Rc3 Bd6 29. Nc5 Bxc5 30. Bxc5 b6 31. Bf2 Nf6 32. Bg3 f4 33. Bf2 Kf7 34.
Rc7+ Rd7 35. Rxd7+ Nxd7 36. b4 Ke6 37. Kd3 g5 38. b5 h5 39. h3 Kf5 40. a5 Ke6
41. a6 Kd5 42. c4+ Ke6 43. c5 bxc5 44. Kc4 Kd6 45. Be1 Nb6+ 46. Kd3 Kd5 47. Ba5
Nc8 48. Bc7 c4+ 49. Kc3 Kc5 50. Bxe5 Nb6 51. Bg7 Nd5+ 52. Kc2 Kxb5 53. Bh6 Kxa6
54. Bxg5 Kb5 55. Bh4 Ne3+ 56. Kc3 Nxg2 57. Bg5 a5 58. Kd4 a4 59. Be7 Ne1 60.
Ba3 Nc2+ 0-1

[Event "Moscow Open 2007"]
[Site "Moscow"]
[Date "2007.01.31"]
[Round "5"]
[White "Gunina, Valentina"]
[Black "Khropova, Larisa"]
[Result "0-1"]
[WhiteElo "2347"]
[BlackElo "2163"]
[PlyCount "78"]
[EventDate "2007.??.??"]

1. d4 d5 2. c4 c6 3. Nf3 Nf6 4. Nc3 Bf5 5. e3 e6 6. Nh4 Bg6 7. Nxg6 hxg6 8. g3
Be7 9. Bg2 Nbd7 10. O-O g5 11. h3 g6 12. cxd5 exd5 13. e4 Nxe4 14. Bxe4 dxe4
15. Nxe4 Kf8 16. d5 Nf6 17. d6 Nxe4 18. dxe7+ Qxe7 19. Qd4 Rxh3 20. Kg2 g4 21.
Re1 f5 22. Bf4 Rd8 23. Qxa7 g5 24. Be3 Kf7 25. Qa5 Rd5 26. Qa4 Qd6 27. Qb3 Kg6
28. Bb6 Kg7 29. Rad1 f4 30. Rxd5 f3+ 31. Kg1 Rxg3+ 32. Kf1 cxd5 33. Bd4+ Kf8
34. Rxe4 Rh3 35. Bg7+ Kxg7 36. Qxb7+ Kg6 37. Rxg4 Qe6 38. Qb5 Rh1+ 39. Rg1 Qe2+
0-1

[Event "Moscow Open 2007"]
[Site "Moscow"]
[Date "2007.01.31"]
[Round "5"]
[White "Ludanov, Nikolay"]
[Black "Nebolsina, Vera"]
[Result "0-1"]
[WhiteElo "2147"]
[BlackElo "2324"]
[PlyCount "68"]
[EventDate "2007.??.??"]

1. e4 c5 2. b3 Nc6 3. Bb2 d6 4. Bb5 Bd7 5. Ne2 Nf6 6. Bxf6 gxf6 7. Ng3 Qb6 8.
Be2 Nd4 9. Na3 f5 10. Nc4 Qc6 11. exf5 Qxg2 12. Ne3 Qc6 13. f6 O-O-O 14. Bh5
exf6 15. c3 Ne6 16. Bf3 Qa6 17. Bd5 Nf4 18. c4 Nxd5 19. Nxd5 Re8+ 20. Kf1 Bg7
21. Kg2 f5 22. Rb1 Qxa2 23. Qf3 Qxd2 24. Nxf5 Qg5+ 25. Ng3 Qg4 26. Rhe1 Qxf3+
27. Kxf3 Re5 28. Ne4 Re6 29. Rg1 Be5 30. h4 Rh6 31. Rh1 Re8 32. Rbd1 Bf5 33.
Ng5 Bc2 34. Rd2 Bxb3 0-1

[Event "Moscow Open 2007"]
[Site "Moscow"]
[Date "2007.01.31"]
[Round "5"]
[White "Elfert, Aleksandr V"]
[Black "Prokopchuk, Yury"]
[Result "0-1"]
[WhiteElo "2114"]
[BlackElo "2316"]
[PlyCount "86"]
[EventDate "2007.??.??"]

1. d4 d5 2. Bg5 g6 3. h4 Bg7 4. Nf3 Nf6 5. Bxf6 Bxf6 6. Qd2 c5 7. e3 Nc6 8. Nc3
cxd4 9. exd4 Bg4 10. Ne5 Nxe5 11. dxe5 Bxe5 12. f3 Bg3+ 13. Kd1 Be6 14. Qd4 f6
15. f4 Qd6 16. Bb5+ Kf7 17. Rf1 Qb6 18. Qd3 Bxh4 19. g3 Bxg3 20. Na4 Qa5 21. b4
Qxb4 22. c3 Qa5 23. f5 gxf5 24. Nc5 a6 25. Nxe6 Qxb5 26. Qxf5 d4 27. Nc5 dxc3
28. Qh5+ Kf8 29. Ne6+ Kg8 30. Qg4+ Kf7 31. Ng5+ Ke8 32. Qh5+ Kd7 33. Qg4+ f5
34. Qd4+ Bd6 35. Re1 c2+ 36. Kc1 Rhe8 37. Nxh7 Rac8 38. Ng5 Kc7 39. Ne6+ Kb8
40. a4 Ba3+ 41. Rxa3 Qb1+ 42. Kd2 Qxe1+ 43. Kxe1 c1=Q+ 0-1

[Event "Moscow Open 2007"]
[Site "Moscow"]
[Date "2007.01.31"]
[Round "5"]
[White "Popelyshev, Igor V"]
[Black "Fomin, Andrey"]
[Result "1-0"]
[WhiteElo "2106"]
[BlackElo "2258"]
[PlyCount "81"]
[EventDate "2007.??.??"]

1. e4 e6 2. d4 d5 3. exd5 exd5 4. Bd3 Bd6 5. Ne2 Ne7 6. Bf4 Nbc6 7. c3 Be6 8.
O-O h6 9. Re1 g5 10. Bxd6 Qxd6 11. Na3 O-O-O 12. Nb5 Qd7 13. b4 f5 14. Nc1 h5
15. Nb3 b6 16. Nc5 bxc5 17. dxc5 Rdg8 18. Qa4 a5 19. Rab1 Kd8 20. Na3 Ke8 21.
Bb5 Kf7 22. Rb2 Rg6 23. Rbe2 Rh7 24. Nb1 f4 25. Nd2 g4 26. Nb3 f3 27. Re3 Nf5
28. Bxc6 Qd8 29. Re5 Rf6 30. c4 fxg2 31. cxd5 Bc8 32. Re8 Qxe8 33. Bxe8+ Kf8
34. Bxh5 Bd7 35. c6 Bc8 36. Re8+ Kg7 37. Qxa5 Rxh5 38. Qxc7+ Kh6 39. Qxc8 Kg5
40. Re5 Kh6 41. Re6 1-0

[Event "Moscow Open 2007"]
[Site "Moscow"]
[Date "2007.01.31"]
[Round "5"]
[White "Shamugia, Shavleg"]
[Black "Rasstriguine, Andrei"]
[Result "0-1"]
[WhiteElo "2277"]
[BlackElo "2161"]
[PlyCount "113"]
[EventDate "2007.??.??"]

1. e4 c6 2. b3 d5 3. Bb2 dxe4 4. Ne2 Bg4 5. h3 Bh5 6. Nbc3 Nf6 7. g4 Bg6 8. Bg2
h6 9. Ng3 e3 10. fxe3 Qc7 11. Nf1 e6 12. Qe2 Nd5 13. O-O-O Nxc3 14. Bxc3 a5 15.
e4 a4 16. d3 Na6 17. Kb1 axb3 18. cxb3 Nb4 19. Rd2 f6 20. h4 Bc5 21. Rh3 e5 22.
g5 hxg5 23. hxg5 Rxh3 24. Bxh3 fxg5 25. Qh2 Nxd3 26. Rxd3 Bxe4 27. Qe2 Bg6 28.
Nd2 Bxd3+ 29. Qxd3 Rd8 30. Qc4 Rd5 31. Nf3 Qd6 32. Nxe5 Ba3 33. Kc2 g4 34. Bxg4
Qh6 35. b4 Qc1+ 36. Kb3 Bxb4 37. Bh5+ Kd8 38. Nxc6+ bxc6 39. Bf6+ gxf6 40. Qxc1
Rxh5 41. Kxb4 Rb5+ 42. Kc4 Kc7 43. Qf4+ Kb6 44. Qb8+ Ka6 45. Qa8+ Kb6 46. a4
Re5 47. Qd8+ Kb7 48. Qxf6 Rd5 49. Kb4 Kc7 50. Qe7+ Rd7 51. Qc5 Rd5 52. Qa7+ Kc8
53. Kc4 Rd7 54. Qa8+ Kc7 55. a5 Rd5 56. Qa7+ Kc8 57. a6 0-1

[Event "Moscow Open 2007"]
[Site "Moscow"]
[Date "2007.01.31"]
[Round "5"]
[White "Gvilava, Maya"]
[Black "Kopylov, Alexander A"]
[Result "0-1"]
[WhiteElo "2098"]
[BlackElo "2237"]
[PlyCount "132"]
[EventDate "2007.??.??"]

1. e4 g6 2. d4 Bg7 3. Nc3 c6 4. Nf3 d5 5. e5 Nh6 6. Bd3 O-O 7. O-O f6 8. h3
fxe5 9. Nxe5 Nf5 10. Re1 Nd7 11. Bg5 Nxe5 12. dxe5 h6 13. Bf4 Be6 14. Qd2 Kh7
15. Ne2 c5 16. c3 Qb6 17. Ng3 Rad8 18. a4 a5 19. Reb1 Nxg3 20. Bxg3 c4 21. Bc2
d4 22. cxd4 Rxd4 23. Qc3 Rfd8 24. Rd1 Bf5 25. Rxd4 Rxd4 26. Rd1 Rxd1+ 27. Bxd1
Bd3 28. Bf3 e6 29. Bf4 g5 30. Be3 Qc7 31. Bd4 Bf8 32. Qe1 Qd7 33. Bc3 b6 34.
Bg4 Bc5 35. Qd2 Kg6 36. Kh2 h5 37. Bd1 Qf7 38. f3 h4 39. b3 Qf4+ 40. Qxf4 gxf4
41. bxc4 Bxc4 42. Bc2+ Kg5 43. Be4 Bd5 44. Bd3 Bc6 45. Bc2 Bb4 46. Bd4 b5 47.
axb5 Bxb5 48. Bb3 Bd7 49. Kg1 Kg6 50. Kf2 Kf7 51. Bc4 Ba4 52. Ke2 Bc2 53. Bd3
Bb3 54. Bb5 a4 55. Kd3 a3 56. Bc4 Ba4 57. Bb6 Bc6 58. Kc2 Bd5 59. Bxd5 exd5 60.
Bd4 Ke6 61. Kb3 Be7 62. Ba1 Bc5 63. Kc3 Kxe5 64. Kd3+ Ke6 65. Kc3 Bd6 66. Kb3
Be5 0-1

[Event "Moscow Open 2007"]
[Site "Moscow"]
[Date "2007.01.31"]
[Round "5"]
[White "Aslanov, Sergei"]
[Black "Rogovsky, Alexander"]
[Result "1-0"]
[WhiteElo "2233"]
[BlackElo "2117"]
[PlyCount "79"]
[EventDate "2007.??.??"]

1. d4 Nf6 2. Nf3 g6 3. c4 Bg7 4. Nc3 O-O 5. e4 d6 6. Be2 e5 7. O-O Nc6 8. d5
Ne7 9. b4 Nh5 10. Re1 f5 11. Ng5 Nf4 12. Bxf4 exf4 13. Rc1 h6 14. Ne6 Bxe6 15.
dxe6 c6 16. Bf3 Qc7 17. c5 Rad8 18. Qb3 Be5 19. exf5 Bxc3 20. Rxc3 Rxf5 21.
cxd6 Rxd6 22. h4 h5 23. Rc5 Rf6 24. b5 b6 25. Rxc6 Rxc6 26. Bxc6 Kh7 27. Qc3
Rf5 28. Qd4 Qb8 29. Qd7 Qf8 30. Qxa7 Qf6 31. Qxb6 Re5 32. Rxe5 Qxe5 33. Qb7
Qxe6 34. Bf3 Kh6 35. Qe4 Qd6 36. b6 Nf5 37. b7 Nxh4 38. Qe8 Qd2 39. b8=Q Nxf3+
40. gxf3 1-0

[Event "Moscow Open 2007"]
[Site "Moscow"]
[Date "2007.01.31"]
[Round "5"]
[White "Tilicheev, Viacheslav"]
[Black "Novikov, Valeri"]
[Result "1-0"]
[WhiteElo "2039"]
[BlackElo "2212"]
[PlyCount "65"]
[EventDate "2007.??.??"]

1. e4 d6 2. d4 Nf6 3. Nc3 g6 4. Bc4 Bg7 5. f3 O-O 6. Nge2 c6 7. a4 d5 8. exd5
Nxd5 9. Nxd5 cxd5 10. Ba2 Nc6 11. c3 Bf5 12. O-O Re8 13. Nf4 e5 14. dxe5 Nxe5
15. Nxd5 Bd3 16. Rf2 Ba6 17. Be3 Nd3 18. Rd2 Rxe3 19. Nxe3 Bh6 20. Nd5 Bxd2 21.
Qxd2 Qd6 22. b4 b6 23. b5 Qc5+ 24. Kf1 Ne5 25. bxa6 Kg7 26. Qd4 Qxd4 27. cxd4
Nc6 28. Nc7 Rd8 29. d5 Nb4 30. Bc4 Rd7 31. d6 Nc2 32. Rc1 Ne3+ 33. Kf2 1-0

[Event "Moscow Open 2007"]
[Site "Moscow"]
[Date "2007.01.31"]
[Round "5"]
[White "Cherenkov, Andrey"]
[Black "Kreines, Mikhail"]
[Result "1-0"]
[WhiteElo "2206"]
[BlackElo "2088"]
[PlyCount "73"]
[EventDate "2007.??.??"]

1. e4 e5 2. Nf3 Nf6 3. Nc3 Bb4 4. Bc4 O-O 5. d3 d5 6. exd5 Nxd5 7. Bd2 Nxc3 8.
bxc3 Bd6 9. Rb1 Nc6 10. a4 Na5 11. Ba2 Bd7 12. Ng5 h6 13. Ne4 Bxa4 14. Qg4 Bd7
15. Qg6 Qh4 16. g3 Kh8 17. Bxf7 Qg4 18. Qxg4 Bxg4 19. Nxd6 cxd6 20. Bd5 Rad8
21. O-O Bf3 22. c4 Nc6 23. Be3 b6 24. Rb5 Bxd5 25. cxd5 Ne7 26. Ra1 Rd7 27. c4
Nf5 28. Bc1 Nd4 29. Rb2 Nf3+ 30. Kh1 Ne1 31. Rd2 Rdf7 32. Ba3 Nf3 33. Rb2 Rd7
34. Kg2 Rff7 35. Bb4 g6 36. Bc3 Ng5 37. f4 1-0

[Event "Moscow Open 2007"]
[Site "Moscow"]
[Date "2007.01.31"]
[Round "5"]
[White "Margolit, Remir B"]
[Black "Kurukin, Dmitry"]
[Result "1-0"]
[WhiteElo "2312"]
[BlackElo "2164"]
[PlyCount "112"]
[EventDate "2007.??.??"]

1. c4 g6 2. Nc3 Bg7 3. g3 c5 4. Bg2 Nc6 5. d3 Nf6 6. e4 O-O 7. Nge2 d6 8. O-O
Ne8 9. f4 f5 10. Rb1 Bd7 11. a3 Nf6 12. h3 Rb8 13. Kh2 a5 14. Be3 e5 15. Qd2
Nd4 16. b4 axb4 17. axb4 b6 18. fxe5 dxe5 19. Rf2 Qe7 20. Nd5 Nxd5 21. exd5 Qd6
22. Kh1 Ra8 23. Ng1 Ra3 24. bxc5 bxc5 25. Rb7 Rfa8 26. Bh6 Bxh6 27. Qxh6 Rxd3
28. Rfb2 e4 29. R2b6 Qe7 30. Qf4 Rd1 31. Kh2 Re8 32. Qe3 Rd3 33. Qe1 Rd8 34.
Ra7 Qe5 35. Rbb7 Qd6 36. Bf1 Rf3 37. Bg2 Rb3 38. Qa5 Qe7 39. d6 Qe8 40. Qxc5
Rd3 41. Qb6 Nc6 42. Rxd7 Rxd7 43. Qxc6 R3xd6 44. Qa4 Qe7 45. Ra8+ Rd8 46. Ne2
Qe5 47. Nf4 g5 48. Nh5 Qe7 49. Ra7 R6d7 50. Rxd7 Rxd7 51. Qxd7 Qxd7 52. Nf6+
Kf7 53. Nxd7 Ke7 54. Nc5 Kd6 55. Nb3 e3 56. Kg1 f4 1-0

[Event "Moscow Open 2007"]
[Site "Moscow"]
[Date "2007.01.31"]
[Round "5"]
[White "Bogumil, Tatiana"]
[Black "Bukhteeva, Viktoria"]
[Result "1/2-1/2"]
[WhiteElo "2188"]
[BlackElo "2109"]
[PlyCount "72"]
[EventDate "2007.??.??"]

1. Nf3 g6 2. c4 Bg7 3. d4 d6 4. Nc3 Nf6 5. g3 O-O 6. Bg2 Nc6 7. O-O e5 8. d5
Ne7 9. e4 Nd7 10. Bg5 h6 11. Bxe7 Qxe7 12. Nd2 f5 13. f3 Nf6 14. b4 f4 15. g4
Nh7 16. Nb3 h5 17. gxh5 gxh5 18. Kh1 Ng5 19. c5 h4 20. Rg1 Kh8 21. Bf1 Bf6 22.
Qe2 Qh7 23. Nd1 Qh5 24. Nd2 a5 25. cxd6 cxd6 26. b5 Bd7 27. a4 Bd8 28. Qg2 Rc8
29. Nb2 Rc3 30. Nbc4 Rf6 31. Ra3 Rc1 32. Rb3 Bh3 33. Qe2 Ra1 34. Rb2 Bxf1 35.
Rxf1 Rxa4 36. Rg1 Kh7 1/2-1/2

[Event "Moscow Open 2007"]
[Site "Moscow"]
[Date "2007.01.31"]
[Round "5"]
[White "Kharmunova, Nadejda"]
[Black "Lavrentiev, Yuri"]
[Result "1-0"]
[WhiteElo "2198"]
[BlackElo "1977"]
[PlyCount "98"]
[EventDate "2007.??.??"]

1. e4 c5 2. d3 d6 3. g3 b5 4. Bg2 Bb7 5. Ne2 h5 6. h4 e6 7. O-O Be7 8. d4 Nd7
9. b3 g5 10. hxg5 Bxg5 11. dxc5 Bxc1 12. Qxc1 h4 13. cxd6 h3 14. Bf3 Ne5 15.
Qf4 Qxd6 16. Kh2 Nxf3+ 17. Qxf3 O-O-O 18. Nbc3 Qe5 19. Rad1 Nf6 20. Rxd8+ Rxd8
21. a3 Rg8 22. Qf4 Ng4+ 23. Kh1 Qxf4 24. Nxf4 f5 25. f3 Ne3 26. Re1 Nxc2 27.
Rc1 Rxg3 28. Rxc2 Rxf3 29. Nxe6 Kb8 30. Nd8 Ba8 31. Kh2 fxe4 32. Ne6 a6 33. Ng5
Re3 34. Nxh3 Re1 35. Ng1 Ra1 36. Ra2 Rf1 37. Rd2 Ka7 38. Nge2 Kb6 39. Rd6+ Kc5
40. Rxa6 Bc6 41. b4+ Kd6 42. Nd4 Rf2+ 43. Kg3 e3 44. Rxc6+ Ke5 45. Nf3+ Kf5 46.
Rc5+ Kg6 47. Rxb5 Ra2 48. Nxa2 e2 49. Nc3 e1=Q+ 1-0

[Event "Moscow Open 2007"]
[Site "Moscow"]
[Date "2007.01.31"]
[Round "5"]
[White "Medvedev, Nikolai"]
[Black "Losev, Sergey"]
[Result "1/2-1/2"]
[WhiteElo "2012"]
[BlackElo "2080"]
[PlyCount "71"]
[EventDate "2007.??.??"]

1. e4 e6 2. d4 d5 3. Nd2 c5 4. Ngf3 Nc6 5. exd5 exd5 6. Bb5 Qe7+ 7. Qe2 Qxe2+
8. Kxe2 Bf5 9. dxc5 Bxc5 10. Nb3 Bb6 11. Nbd4 Bd7 12. Nxc6 bxc6 13. Ba4 f6 14.
Be3 Ne7 15. Rhe1 Kf7 16. Rad1 Rad8 17. c3 Nf5 18. Bxb6 axb6 19. Bc2 Nd6 20. b3
Bg4 21. h3 Rhe8+ 22. Kf1 Rxe1+ 23. Rxe1 Bxf3 24. gxf3 g6 25. h4 h5 26. Bd3 c5
27. Rd1 f5 28. Kg2 f4 29. a4 Ra8 30. Bc2 Ke6 31. Re1+ Kf6 32. Rd1 Ke5 33. Re1+
Kf6 34. Rd1 Ke6 35. Re1+ Kf6 36. Rd1 1/2-1/2

[Event "Moscow Open 2007"]
[Site "Moscow"]
[Date "2007.01.31"]
[Round "5"]
[White "Lyubokhiner, Leonid M"]
[Black "Pankov, Gennady"]
[Result "0-1"]
[WhiteElo "1805"]
[BlackElo "2014"]
[PlyCount "118"]
[EventDate "2007.??.??"]

1. e4 c5 2. Nf3 d6 3. c3 Nf6 4. Bb5+ Bd7 5. Bxd7+ Nbxd7 6. d3 c4 7. O-O cxd3 8.
Qxd3 a6 9. Rd1 Nc5 10. Qe2 Ncxe4 11. Bf4 h6 12. Nbd2 Nxd2 13. Rxd2 e6 14. Rad1
d5 15. g4 Be7 16. Ne5 O-O 17. f3 Nh7 18. Kg2 Qe8 19. Qd3 f5 20. Kh1 Rd8 21. Rg1
Ng5 22. Rg3 fxg4 23. Rxg4 Rf5 24. h4 h5 25. hxg5 hxg4 26. Rh2 Qb5 27. fxg4 Qxd3
28. Nxd3 Rxf4 29. Nxf4 e5 30. Ng6 Bxg5 31. Rh8+ Kf7 32. Nxe5+ Ke6 33. Rxd8 Bxd8
34. Nf3 Bb6 35. Kg2 Be3 36. Nd4+ Kf6 37. Kf3 Bc1 38. a4 Bxb2 39. Ne2 Ke5 40.
Ke3 a5 41. Kd3 g5 42. Ke3 Kd6 43. Nd4 Ke5 44. Ne2 b6 45. Kd3 Kd6 46. Nd4 Ke5
47. Ne2 Ba3 48. Ke3 Bc5+ 49. Kd3 Bf2 50. Nc1 Kf4 51. c4 dxc4+ 52. Kxc4 Kxg4 53.
Nd3 Be3 54. Ne5+ Kf5 55. Nd7 g4 56. Kd3 Kf4 57. Nf6 Bc5 58. Ke2 g3 59. Kf1 Kf3
0-1

[Event "Moscow Open 2007"]
[Site "Moscow"]
[Date "2007.02.01"]
[Round "6"]
[White "Riazantsev, Alexander"]
[Black "Smirnov, Pavel"]
[Result "0-1"]
[WhiteElo "2629"]
[BlackElo "2621"]
[PlyCount "80"]
[EventDate "2007.??.??"]

1. d4 Nf6 2. c4 e6 3. Nf3 d5 4. Nc3 c6 5. Bg5 h6 6. Bxf6 Qxf6 7. e3 Nd7 8. Bd3
dxc4 9. Bxc4 g6 10. O-O Bg7 11. b4 O-O 12. a4 e5 13. a5 exd4 14. exd4 Rd8 15.
Qb3 b5 16. Bd3 Nf8 17. Rac1 Bg4 18. Be4 Rac8 19. Ne2 Qe7 20. Qb1 Ne6 21. Bxc6
Bxf3 22. Bxf3 Ng5 23. Qb2 Nxf3+ 24. gxf3 Bf8 25. Rc5 Qb7 26. Rc3 Rxc3 27. Qxc3
Rc8 28. Qd3 Bxb4 29. Rb1 Rc4 30. d5 Qd7 31. Ng3 Bxa5 32. Ne4 Qc6 33. d6 Bd8 34.
Qe3 a5 35. Qxh6 b4 36. h4 Qb5 37. Re1 b3 38. h5 Rxe4 39. Rxe4 b2 40. hxg6 Qg5+
0-1

[Event "Moscow Open 2007"]
[Site "Moscow"]
[Date "2007.02.01"]
[Round "6"]
[White "Svetushkin, Dmitry"]
[Black "Krapivin, Alexander"]
[Result "1-0"]
[WhiteElo "2588"]
[BlackElo "2478"]
[PlyCount "100"]
[EventDate "2007.??.??"]

1. d4 d5 2. c4 e6 3. Nf3 c6 4. Nc3 f5 5. Bf4 Nf6 6. e3 Bd6 7. Bd3 O-O 8. O-O
Bxf4 9. exf4 dxc4 10. Bxc4 Nd5 11. g3 Nd7 12. Re1 N7f6 13. Bb3 Qd6 14. Rc1 Bd7
15. Qe2 Rae8 16. Ne5 Bc8 17. Qc4 Rd8 18. Rcd1 g6 19. Qa4 a6 20. Bxd5 exd5 21.
Qa5 Rde8 22. Na4 Re7 23. Re3 Rg7 24. Nc5 h6 25. Ncd3 g5 26. Rde1 Nh5 27. Kh1
Kh7 28. Qd2 gxf4 29. Nxf4 Nxf4 30. gxf4 Rfg8 31. Rg3 Rxg3 32. hxg3 Rg7 33. Rc1
Qf6 34. Kg2 Bd7 35. Re1 Be8 36. Qb4 Bh5 37. Nd3 Bg4 38. Re8 Qf7 39. Qf8 Qxf8
40. Rxf8 Re7 41. Rb8 Bd1 42. Nc5 Re1 43. Rxb7+ Kg8 44. Rb6 Bc2 45. Rxa6 Be4+
46. Nxe4 dxe4 47. Rxc6 Re2 48. Rb6 Rd2 49. Kf1 Kg7 50. a4 Re2 1-0

[Event "Moscow Open 2007"]
[Site "Moscow"]
[Date "2007.02.01"]
[Round "6"]
[White "Lastin, Alexander"]
[Black "Askarov, Marat"]
[Result "0-1"]
[WhiteElo "2583"]
[BlackElo "2487"]
[PlyCount "70"]
[EventDate "2007.??.??"]

1. e4 c5 2. Nf3 d6 3. d4 cxd4 4. Nxd4 Nf6 5. Nc3 a6 6. Be3 e6 7. f3 Nc6 8. Qd2
Be7 9. g4 O-O 10. O-O-O Nxd4 11. Qxd4 Nd7 12. h4 Ne5 13. Be2 b5 14. Kb1 Bb7 15.
Bg5 f6 16. Bc1 Qa5 17. b3 Rac8 18. Bb2 d5 19. exd5 Bc5 20. Qf4 Bb4 21. Ne4 exd5
22. Ng3 Bc3 23. Bxc3 Rxc3 24. Bd3 Rfc8 25. Rh2 Nxd3 26. cxd3 d4 27. Nf5 Qb4 28.
Rhd2 Qc5 29. Rb2 Bxf3 30. Re1 Rxd3 31. Rd2 Rxd2 32. Qxd2 Rd8 33. Re7 Bxg4 34.
Rxg7+ Kf8 35. h5 Ke8 0-1

[Event "Moscow Open 2007"]
[Site "Moscow"]
[Date "2007.02.01"]
[Round "6"]
[White "Tarlev, Konstantin"]
[Black "Yakovich, Yuri"]
[Result "0-1"]
[WhiteElo "2454"]
[BlackElo "2577"]
[PlyCount "50"]
[EventDate "2007.??.??"]

1. e4 c5 2. Nf3 Nc6 3. d4 cxd4 4. Nxd4 Nf6 5. Nc3 d6 6. Be2 g6 7. O-O Bg7 8.
Nb3 O-O 9. Re1 Be6 10. Bg5 d5 11. Bxf6 Bxf6 12. exd5 Bxc3 13. dxe6 Bxe1 14.
exf7+ Rxf7 15. Qxe1 Rf6 16. Kh1 Qb6 17. f3 Rd8 18. Bd3 a5 19. Qe4 Qb4 20. Bc4+
Kh8 21. c3 Qd6 22. Re1 Rf5 23. Rg1 b5 24. Be2 Re5 25. Qc2 a4 0-1

[Event "Moscow Open 2007"]
[Site "Moscow"]
[Date "2007.02.01"]
[Round "6"]
[White "Chudinovskikh, Alexander M"]
[Black "Turov, Maxim"]
[Result "1/2-1/2"]
[WhiteElo "2359"]
[BlackElo "2562"]
[PlyCount "32"]
[EventDate "2007.??.??"]

1. e4 e5 2. Nf3 Nc6 3. Bb5 Nf6 4. Nc3 Nd4 5. Nxd4 exd4 6. e5 dxc3 7. exf6 Qxf6
8. dxc3 Qe5+ 9. Be2 Bc5 10. O-O O-O 11. Bd3 d6 12. Re1 Qf6 13. Be3 Bxe3 14.
Rxe3 Bd7 15. Qh5 g6 16. Qd1 Bc8 1/2-1/2

[Event "Moscow Open 2007"]
[Site "Moscow"]
[Date "2007.02.01"]
[Round "6"]
[White "Kurenkov, Nikolai"]
[Black "Amonatov, Farrukh"]
[Result "0-1"]
[WhiteElo "2438"]
[BlackElo "2559"]
[PlyCount "88"]
[EventDate "2007.??.??"]

1. e4 c5 2. Nf3 d6 3. d4 cxd4 4. Nxd4 Nf6 5. Nc3 a6 6. Bg5 e6 7. Qe2 Be7 8. f4
Nbd7 9. O-O-O Qc7 10. Nf3 e5 11. g4 Qa5 12. Bxf6 Nxf6 13. g5 Nh5 14. f5 Nf4 15.
Qd2 b5 16. Kb1 Qc7 17. Bd3 Bb7 18. Ne2 Nxd3 19. Qxd3 Rc8 20. Ng3 Qc4 21. f6
Qxd3 22. Rxd3 gxf6 23. gxf6 Bf8 24. Nh4 Kd7 25. Nf3 Kc7 26. Ng5 h6 27. Nf3 Rg8
28. Rf1 Rg4 29. Nd2 Rd8 30. h3 Rg6 31. c4 Bc6 32. b3 Re8 33. cxb5 axb5 34. Kb2
Rd8 35. Nb1 d5 36. exd5 Rxd5 37. Rxd5 Bxd5 38. Nc3 Bc6 39. Nce4 h5 40. Rc1 h4
41. Nf5 Rg2+ 42. Kb1 Ba3 43. Rc3 Rb2+ 44. Ka1 Rg2 0-1

[Event "Moscow Open 2007"]
[Site "Moscow"]
[Date "2007.02.01"]
[Round "6"]
[White "Chernyshov, Konstantin"]
[Black "Demchenko, Anton"]
[Result "1-0"]
[WhiteElo "2556"]
[BlackElo "2427"]
[PlyCount "89"]
[EventDate "2007.??.??"]

1. c4 Nf6 2. Nc3 g6 3. e4 d6 4. d4 Bg7 5. f4 O-O 6. Nf3 Na6 7. Bd3 e5 8. fxe5
dxe5 9. d5 Ne8 10. O-O f5 11. Be3 f4 12. Bf2 g5 13. Nd2 c5 14. Be2 Qd7 15. h3
Qd6 16. Nb5 Qg6 17. Bh5 Qh6 18. Bg4 Nf6 19. Bxc8 Raxc8 20. Nd6 Rc7 21. Nf5 Qg6
22. d6 Rd7 23. Ne7+ Rxe7 24. dxe7 Re8 25. Nf3 Rxe7 26. Qd6 Bf8 27. Nxe5 Qg7 28.
Ng4 Nxe4 29. Qd5+ Qf7 30. Rfe1 Nb4 31. Qxf7+ Kxf7 32. Re2 h5 33. Rae1 Nd3 34.
Rxe4 Nxe1 35. Rxe7+ Bxe7 36. Bxe1 hxg4 37. hxg4 Bf6 38. b3 Ke6 39. Kf2 b6 40.
Ke2 Bg7 41. Kf3 Bf6 42. g3 Be5 43. Bd2 fxg3 44. Bxg5 Bg7 45. Bf4 1-0

[Event "Moscow Open 2007"]
[Site "Moscow"]
[Date "2007.02.01"]
[Round "6"]
[White "Zvjaginsev, Vadim"]
[Black "Balashov, Yuri S"]
[Result "1-0"]
[WhiteElo "2658"]
[BlackElo "2422"]
[PlyCount "57"]
[EventDate "2007.??.??"]

1. e4 e5 2. Nc3 Nf6 3. f4 d5 4. exd5 exf4 5. Bc4 Nbd7 6. d3 Bd6 7. Qe2+ Kf8 8.
Nf3 a6 9. O-O h6 10. d4 b5 11. Bb3 b4 12. Na4 g5 13. c4 bxc3 14. bxc3 Kg7 15.
c4 Re8 16. Qc2 Ng4 17. c5 Bf8 18. h3 Ne3 19. Bxe3 Rxe3 20. Rae1 Qe8 21. Rxe3
fxe3 22. Qd3 f5 23. Nc3 Nf6 24. Ba4 Bd7 25. Bxd7 Nxd7 26. Qxf5 Rb8 27. Re1 Rb2
28. Qd3 Qg6 29. Qxe3 1-0

[Event "Moscow Open 2007"]
[Site "Moscow"]
[Date "2007.02.01"]
[Round "6"]
[White "Fedorov, Alexei"]
[Black "Nikolenko, Oleg"]
[Result "1-0"]
[WhiteElo "2624"]
[BlackElo "2516"]
[PlyCount "93"]
[EventDate "2007.??.??"]

1. e4 e6 2. d4 d5 3. Nc3 Nf6 4. e5 Nfd7 5. f4 c5 6. Nf3 Nc6 7. Be3 Rb8 8. Qd2
Qa5 9. a3 b5 10. Ra2 Be7 11. Be2 b4 12. axb4 Qxb4 13. O-O O-O 14. b3 cxd4 15.
Nxd4 Nxd4 16. Bxd4 Bc5 17. Rd1 f6 18. exf6 Rxf6 19. Bg4 Qxd4+ 20. Qxd4 a6 21.
g3 Bxd4+ 22. Rxd4 Rb6 23. Na4 Rc6 24. c4 dxc4 25. Rc2 Nb6 26. Bf3 Nxa4 27. Bxc6
cxb3 28. Rc1 b2 29. Rb1 Nc3 30. Rd8+ Rf8 31. Rxf8+ Kxf8 32. Rxb2 Nb5 33. Bxb5
axb5 34. Rxb5 Ke7 35. Ra5 Kf6 36. g4 h6 37. h4 Bb7 38. Kf2 Bd5 39. Ke3 g6 40.
Ra7 h5 41. g5+ Kf5 42. Rf7+ Kg4 43. Rf6 Kxh4 44. Rxg6 Kg4 45. Rf6 e5 46. g6
exf4+ 47. Kf2 1-0

[Event "Moscow Open 2007"]
[Site "Moscow"]
[Date "2007.02.01"]
[Round "6"]
[White "Korotylev, Alexey"]
[Black "Iljushin, Alexei"]
[Result "1-0"]
[WhiteElo "2615"]
[BlackElo "2510"]
[PlyCount "85"]
[EventDate "2007.??.??"]

1. d4 d5 2. c4 c6 3. Nf3 Nf6 4. Nc3 a6 5. Qb3 dxc4 6. Qxc4 b5 7. Qd3 e6 8. e4
c5 9. dxc5 Qxd3 10. Bxd3 Bxc5 11. e5 Nd5 12. Nxd5 exd5 13. Bf4 Be6 14. Rc1 Nd7
15. O-O h6 16. Rc2 g5 17. Bg3 Ke7 18. Rfc1 Bb6 19. h3 Rhb8 20. Kf1 Kd8 21. Nd2
Rc8 22. Nb3 Rc4 23. Bxc4 bxc4 24. Nd2 Bf5 25. b3 Bd3+ 26. Ke1 Bxc2 27. Rxc2 Nc5
28. bxc4 d4 29. Nb3 d3 30. Rc3 d2+ 31. Ke2 Ke7 32. Nxd2 Ba5 33. Rc2 Bxd2 34.
Rxd2 Ne4 35. Rb2 Nxg3+ 36. fxg3 Ke6 37. Rb6+ Kxe5 38. Rxh6 f6 39. Rh7 Rb8 40.
Kd3 Rd8+ 41. Kc3 f5 42. Re7+ Kf6 43. Re2 1-0

[Event "Moscow Open 2007"]
[Site "Moscow"]
[Date "2007.02.01"]
[Round "6"]
[White "Sveshnikov, Evgeny"]
[Black "Malakhatko, Vadim"]
[Result "1/2-1/2"]
[WhiteElo "2504"]
[BlackElo "2604"]
[PlyCount "63"]
[EventDate "2007.??.??"]

1. e4 e6 2. d4 d5 3. e5 c5 4. c3 Qb6 5. Nf3 Nc6 6. a3 Nh6 7. b4 cxd4 8. cxd4
Nf5 9. Bb2 Bd7 10. g4 Nh6 11. Rg1 f6 12. exf6 gxf6 13. Nc3 Nf7 14. Na4 Qc7 15.
Rc1 Qf4 16. Nc5 Bxc5 17. Rxc5 Ng5 18. Nxg5 fxg5 19. Bc1 Qxd4 20. Qxd4 Nxd4 21.
Rg3 O-O 22. Bg2 Ba4 23. Bxg5 b6 24. Rc7 Nb5 25. Re7 Rae8 26. Rxe8 Rxe8 27. f4
Kg7 28. Rh3 Nd6 29. Rc3 Nc4 30. Rh3 Nd6 31. Rc3 Nc4 32. Rh3 1/2-1/2

[Event "Moscow Open 2007"]
[Site "Moscow"]
[Date "2007.02.01"]
[Round "6"]
[White "Aleksandrov, Aleksej"]
[Black "Andreikin, Dmitry"]
[Result "1/2-1/2"]
[WhiteElo "2601"]
[BlackElo "2509"]
[PlyCount "80"]
[EventDate "2007.??.??"]

1. d4 Nf6 2. c4 c5 3. d5 d6 4. Nc3 g6 5. e4 Bg7 6. h3 O-O 7. Nf3 e6 8. Bd3 exd5
9. exd5 Re8+ 10. Be3 Nbd7 11. O-O Nh5 12. Qd2 Ne5 13. Be2 Nxf3+ 14. Bxf3 Nf6
15. Bg5 Bd7 16. Qf4 Re5 17. Ne4 Bf5 18. Nxc5 Qc7 19. Qh4 h6 20. Bxf6 g5 21. Qd4
Bxf6 22. Nb3 a5 23. Qc3 Bg6 24. Rac1 Rf5 25. Qd2 Rf4 26. a4 Qb6 27. Bd1 Qb4 28.
Qxb4 axb4 29. g3 Re4 30. Bc2 Re2 31. Bxg6 fxg6 32. c5 Rxb2 33. Rb1 Rxb3 34.
Rxb3 dxc5 35. d6 Rd8 36. Rd1 Bd4 37. Rxb4 Bxf2+ 38. Kxf2 cxb4 39. Ke3 Kf7 40.
Rd4 b6 1/2-1/2